| 000 | 00461nam a2200181Ia 4500 | ||
|---|---|---|---|
| 001 | 18318 | ||
| 005 | 20260306171621.0 | ||
| 008 | 260306s9999||||xx |||||||||||||| ||und|| | ||
| 041 | _aESP | ||
| 082 |
_a658.403 _bC233 |
||
| 100 |
_aCegarra Navarro, Juan Gabriel _eAUT |
||
| 245 | 0 |
_aGestión del conocimiento: _buna ventaja competitiva |
|
| 260 | _c2017 | ||
| 300 |
_a198 pagínas : _c24 cm. |
||
| 650 | _aGEN | ||
| 654 | _aCHU | ||
| 942 |
_cLIB _dJUS _fJUS _2ddc _n |
||
| 999 |
_c18318 _d18318 |
||